Le système veineux normal et pathologique / (Record no. 81355)

MARC details
000 -LEADER
campo de control de longitud fija 00602nam a2200181 i 4500
001 - NÚMERO DE CONTROL
campo de control 81355
003 - IDENTIFICADOR DE NÚMERO DE CONTROL
campo de control ES-MaACL
005 - FECHA Y HORA DE LA ÚLTIMA TRANSACCIÓN
campo de control 20230906174424.0
007 - CAMPO FIJO DE DESCRIPCIÓN FÍSICA--INFORMACIÓN GENERAL
campo de control de longitud fija t|
008 - DATOS DE LONGITUD FIJA--INFORMACIÓN GENERAL
campo de control de longitud fija 041104s1926 fr ||||1| fre d
100 1# - ENTRADA PRINCIPAL--NOMBRE DE PERSONA
Nombre de persona Hugel, Raymond.
9 (RLIN) 64602
245 13 - MENCIÓN DEL TÍTULO
Título Le système veineux normal et pathologique /
Mención de responsabilidad, etc. Raymond Hugel, Gabriel Auguste Delater.
260 ## - PUBLICACIÓN, DISTRIBUCIÓN, ETC.
Lugar de publicación, distribución, etc. Paris :
Nombre del editor, distribuidor, etc. Octave Doin,
Fecha de publicación, distribución, etc. 1926 (
Lugar de fabricación/manufactura Limoges :
Fabricante Guillemont et de Lamothe)
300 ## - DESCRIPCIÓN FÍSICA
Extensión VII, 182 p., 2 lám. :
Otras características físicas il. ;
Dimensiones 18 cm.
650 #4 - PUNTO DE ACCESO ADICIONAL DE MATERIA--TÉRMINO DE MATERIA
Término de materia o nombre geográfico como elemento de entrada Vasos sanguíneos.
9 (RLIN) 159343
700 1# - ENTRADA AGREGADA--NOMBRE PERSONAL
Nombre de persona Delater, Gabriel Auguste.
9 (RLIN) 43327
852 ## - LOCALIZACIÓN
Ubicación ES-MaACL
Número de control de estantería B-12625
Holdings
Estatus retirado Estado de pérdida Estado de daño No para préstamo Biblioteca de origen Biblioteca actual Ubicación en estantería Fecha de adquisición Fuente de adquisición Total de préstamos Signatura topográfica completa Código de barras Visto por última vez Precio de reemplazo Tipo de ítem Koha
        Biblioteca del Ateneo de Madrid Biblioteca del Ateneo de Madrid Sala Pardo Bazán 17/01/2008     B-12625 1085046 23/02/2023 23/02/2023 Libro impreso